000
00359nam a22000977a 4500
100
_a
तोमर,अजीत सिंह
_9
81101
245
_a
चुनावी अखाडे के सूरमा
260
_a
दिल्ली
_b
पुस्तक प्रतिष्ठान
_c
2016
650
_a
व्यंग्य
942
_c
HIN
999
_c
64345
_d
64345